| 000 | 00755nam a22001577a 4500 | ||
|---|---|---|---|
| 003 | OSt | ||
| 005 | 20161226091438.0 | ||
| 008 | 161226b xxu||||| |||| 00| 0 eng d | ||
| 040 | _cRUA | ||
| 082 | _aAGR CHE 2007 B032 Or.32 | ||
| 100 |
_911473 _aCHEA SOPHAEK ,ជា សុភ័ក្រ្ត |
||
| 245 | _aEfeecf of organic pesticide on vegetable of sampling farmer in svay reang agricultural department, ប្រសិទ្ធភាពថ្នាំផ្សំពីរុក្ខជាតិលើដំណាំបន្លែនៃក្រុមគោលដៅរបស់មន្ទីកសិកម្ម ខេត្តស្វាយរៀង | ||
| 260 |
_aRUA _b2007 _cPhnom Pehn |
||
| 300 |
_ax ; 45p. _bill. _c29cm. |
||
| 942 |
_2ddc _cAGR |
||
| 999 |
_c11027 _d11027 |
||